| 000 | 01032nam a22001817a 4500 | ||
|---|---|---|---|
| 999 |
_c63369 _d63369 |
||
| 003 | Ge_BSU | ||
| 005 | 20250925185458.0 | ||
| 008 | 250925s1969 ge ||||| |||| 00| 0 geo d | ||
| 041 | _ageo | ||
| 080 | _a330.(479.22) კ-17 | ||
| 100 |
_aკაკულია, რევაზ _9751 |
||
| 245 |
_aქართული ეკონომიური აზროვნების ისტორიიდან : _bფულად-საკრედიტო ურთიერთობის განვითარების საკითხები / _cრევაზ კაკულია. |
||
| 264 |
_aთბილისი : _bსაბჭ. საქართველო, _c1969. |
||
| 300 |
_a216 გვ. : _bცხრილ. ; _c21 სმ. |
||
| 653 | _aქართული ეკონომიური აზრის ისტორია | ||
| 653 | _aფულად-საკრედიტო ურთიერთობები საქართველოში. | ||
| 942 |
_2udc _cᲬᲘᲒᲜᲘ |
||